Professional Missouri Sports Teams Quiz Stats

 Plays Quiz not verified by Sporcle

Score 0/14 Timer 02:00
0 Plays Today
2010 % Correct
NFLRams
96.7%
MLBCardinals
94.3%
NFLChiefs
92.9%
NHLBlues
91.4%
MLBRoyals
89.5%
TennisAces
18.6%
HockeyMavericks
9.5%
2010 % Correct
SoccerSteamers
8.1%
TennisExplorers
7.6%
SoccerComets
5.2%
FootballBrigade
5.2%
TennisLasers
1.4%
FootballRage
0.5%
CyclingTour of Missouri
0.5%

You're not logged in!

Compare scores with friends on all Sporcle quizzes.
OR
Log In

Show Comments

Extras

Top Quizzes Today


Score Distribution

Your Account Isn't Verified!

In order to create a playlist on Sporcle, you need to verify the email address you used during registration. Go to your Sporcle Settings to finish the process.

Report this User

Report this user for behavior that violates our Community Guidelines.

Details: